| 000 | 00408nam a2200157Ia 4500 | ||
|---|---|---|---|
| 008 | 230917s9999||||xx |||||||||||||| ||und|| | ||
| 020 | _cRS250 | ||
| 040 |
_e32288 _aMAIN |
||
| 041 | _aEnglish | ||
| 082 | _a005.2768 M896V | ||
| 100 | _aMukhi, Vijay | ||
| 245 | 0 | _aVijay Mukhi's the 'C' odyssey UNIX-the open-Bound less C | |
| 260 |
_aNew Delh _bPublications _c1992 |
||
| 300 | _aiv, 555 p. | ||
| 942 | _cBK | ||
| 999 |
_c103867 _d103867 |
||